000 00315nam a22001337a 4500
008 180124b xxu||||| |||| 00| 0 eng d
020 _a1555166105
041 _aeng
080 _a316
100 _a50
101 _aSOC
245 _aadolescent health issues state actions 1992-1994
_cSavage,M.H
942 _2udc
_cBK
999 _c40881
_d40881